Music Quiz

Random Music or Song Quiz

Some more bands that might...? Quiz Stats

 Plays Quiz not verified by Sporcle

Support Sporcle.
Go Orange.
Score 0/16 Timer 09:00
0 Plays Today
Clue Artist/Band % Correct
This band's owner doesn't think they're in Kansas anymore, in fact they might be on a different continent...Toto
91.4%
This band might find a lush spot in the desert has a barrier to think about...Oasis
87.1%
This band might use two types of current to light things up, but they want to return when it's dark...AC/DC
82.7%
This band might pucker up to show you how they were created to give you affection...Kiss
82.7%
This band might be married to the King but they are socially unconventional, and enjoy musical whimsy...Queen
82%
This continental band are within seconds of their rocket launch...Europe
81.3%
This band might be there for the biblical beginning but nothing else...Genesis
78.4%
This band might be a sect of azure shellfish collectors and they're not afraid of Death...Blue Öyster Cult
66.9%
Clue Artist/Band % Correct
This band of primates might have had Dian Fossey studying them to see if they were happy and content with a business abbreviation...Gorillaz
64.7%
It sounds like this artist might be a speedy garment-maker, and she'll make you a suit if she has an empty spot in her calendar...Taylor Swift
62.6%
This band might be useful for playing flat and sharp notes on the piano but that won't help the lad make any friends...The Black Keys
61.2%
This band might not get along with a lot of people but they know how to get them dancing to great music around an Arabian citadel...The Clash
58.3%
This band's insanity might have started in an abode full of amusements...Madness
45.3%
This band might have a surplus but it's not enough to stop the bleached woman from taking her life...INXS
41%
This band make a great sauce for the Thanksgiving turkey and they're thankful that they're not undead...The Cranberries
29.5%
This band might be murderers but one of them remains optimistic...The Killer's
29.5%

You're not logged in!

Compare scores with friends on all Sporcle quizzes.
OR
Log In

From the Vault

'D' Big 4 on a Map

by sproutcm

We're pretty sure they're busy putting themselves on the field, rather than on a larger map.
Remove Ads.
Support Sporcle.
Get the best of Sporcle when you Go Orange. This ad-free experience offers more features, more stats, and more fun while also helping to support Sporcle. Thank you for becoming a member.

Show Comments

Extras

Top Quizzes Today


Score Distribution

Your Account Isn't Verified!

In order to create a playlist on Sporcle, you need to verify the email address you used during registration. Go to your Sporcle Settings to finish the process.

Report this User

Report this user for behavior that violates our Community Guidelines.

Details: